The life and work of Sir Syed Ahmed Khan / (Record no. 522677)
[ view plain ]
| 000 -LEADER | |
|---|---|
| fixed length control field | 00895cam a2200265 i 4500 |
| 001 - CONTROL NUMBER | |
| control field | 798233 |
| 003 - CONTROL NUMBER IDENTIFIER | |
| control field | NUST |
| 005 - DATE AND TIME OF LATEST TRANSACTION | |
| control field | 20181229103311.0 |
| 008 - FIXED-LENGTH DATA ELEMENTS--GENERAL INFORMATION | |
| fixed length control field | 750514r19741885pk c 001 0beng |
| 010 ## - LIBRARY OF CONGRESS CONTROL NUMBER | |
| LC control number | 74930365 |
| 020 ## - INTERNATIONAL STANDARD BOOK NUMBER | |
| Terms of availability | Rs50.00 |
| 038 ## - RECORD CONTENT LICENSOR | |
| Staff Name | waseem |
| 040 ## - CATALOGING SOURCE | |
| Original cataloging agency | DLC |
| Transcribing agency | DLC |
| Modifying agency | DLC |
| 050 00 - LIBRARY OF CONGRESS CALL NUMBER | |
| Classification number | DS475.2.A5 |
| Item number | G7 1974 |
| 082 00 - DEWEY DECIMAL CLASSIFICATION NUMBER | |
| Classification number | 954.030924 |
| Author Mark | GRA |
| 100 1# - MAIN ENTRY--PERSONAL NAME | |
| Personal name | Graham, George Farquhar Irving, |
| Dates associated with a name | 1840- |
| 9 (RLIN) | 12815 |
| 245 14 - TITLE STATEMENT | |
| Title | The life and work of Sir Syed Ahmed Khan / |
| Statement of responsibility, etc. | by G. F. I. Graham ; with a new introd. by Zaituna Y. Umer. |
| 260 ## - PUBLICATION, DISTRIBUTION, ETC. | |
| Place of publication, distribution, etc. | Karachi : |
| Name of publisher, distributor, etc. | Oxford University Press, |
| Date of publication, distribution, etc. | 1979. |
| 300 ## - PHYSICAL DESCRIPTION | |
| Extent | xvii, 298 p. : |
| Other physical details | port. ; |
| Dimensions | 19 cm. |
| 500 ## - GENERAL NOTE | |
| General note | First edition published in 1885 by Blackwood of Edinburg. |
| 500 ## - GENERAL NOTE | |
| General note | Includes index. |
| 600 20 - SUBJECT ADDED ENTRY--PERSONAL NAME | |
| Personal name | Aḥmad K̲h̲ān̲, Sayyid, |
| Titles and other words associated with a name | Sir, |
| Dates associated with a name | 1817-1898. |
| 9 (RLIN) | 12816 |
| 906 ## - LOCAL DATA ELEMENT F, LDF (RLIN) | |
| a | 7 |
| b | cbc |
| c | orignew |
| d | 4 |
| e | ncip |
| f | 19 |
| g | y-gencatlg |
| 942 ## - ADDED ENTRY ELEMENTS (KOHA) | |
| Source of classification or shelving scheme | |
| Koha item type | Book |
| Withdrawn status | Lost status | Source of classification or shelving scheme | Damaged status | Not for loan | Collection code | Permanent Location | Current Location | Shelving location | Date acquired | Source of acquisition | Total Checkouts | Full call number | Barcode | Date last seen | Price effective from | Koha item type |
|---|---|---|---|---|---|---|---|---|---|---|---|---|---|---|---|---|
| Central Library (CL) | Central Library (CL) | Book Cart | 12/29/2018 | Donation | 954.030904 GRA | CL-D-222 | 11/05/2019 | 12/29/2018 | Book |
